[Event "MPL National Senior Chess-ch 2022"]
[Site "Kanpur"]
[Date "2022.02.25"]
[Round "1.1"]
[White "Adhiban, B.."]
[Black "Chandar Raju"]
[Result "1-0"]
[WhiteElo "2648"]
[BlackElo "2042"]
[Annotator "TA"]
[PlyCount "249"]
[EventDate "2022.02.25"]
[EventCountry "IND"]
[SourceTitle "playchess.com"]
[Source "ChessBase"]
[SourceQuality "1"]

{[%evp 13,249,13,29,34,29,20,31,16,27,25,23,14,30,27,40,16,23,2,28,2,61,9,4,0,14,6,105,105,105,105,105,103,108,95,125,115,121,70,79,81,73,75,79,62,59,58,95,62,100,49,70,60,64,59,58,49,63,67,77,41,49,49,66,65,85,51,58,56,56,56,59,64,85,85,85,85,85,85,85,85,85,85,85,85,85,85,85,85,85,85,85,85,90,85,85,96,92,92,92,85,85,85,85,85,85,0,82,0,85,85,108,85,148,145,343,343,335,331,322,322,280,280,271,263,500,485,435,452,604,579,1056,1051,1041,1034,1034,1034,908,814,1080,1008,1222,1209,1278,1204,1303,1707,1271,1271,1533,1280,29942,11548,29952,29953,29968,29969,29969,29969,29965,29967,29971,29972,29971,29964,29973,29974,29974,29975,29975,29976,29981,29982,29983,29983,29984,29985,29985,29971,29971,29967,29971,29970,29973,29975,29974,29972,29975,29976,29979,4137,29978,29975,29971,29976,29976,29977,29977,29978,29978,29977,29981,29977,29982,29980,29980,29981,29981,29982,29982,4137,29983,29984,29987,29986,29988,29987,29989,29990,29990,29990,29991,29990,29991,29992,29994,29993,29993,29994,29994,29995,29995,29996,29996,29995,29997,29998,29998,29999]} 1. d4 d5 {[%cal Bd7d5,Bd5c4][%mdl 32]} 2. c4 e6 3. Nf3 Nf6 4. g3 Be7 5. Bg2 O-O 6. O-O dxc4 7. Qc2 b5 8. a4 $1 {E05: Open Catalan: 5 Nf3 Be7.} Bb7 9. axb5 a6 10. bxa6 {White is slightly better.} Nxa6 11. Qxc4 Bd5 12. Qc3 c5 13. Be3 {[#]} cxd4 $146 ({Predecessor:} 13... Ne4 14. Qe1 Nb4 15. Nc3 Nc2 16. Rxa8 Qxa8 17. Qc1 Nxe3 18. Qxe3 Nxc3 19. bxc3 cxd4 20. cxd4 {½-½ (43) Giri,A (2772)-Nepomniachtchi,I (2782) Warsaw 2021}) 14. Bxd4 Rc8 15. Qe3 Nb4 16. Na3 Qd7 (16... Nc6 $1 $11) 17. Rac1 ({White should try} 17. Ne5 $1 $14 Qb7 18. Bxd5 Nfxd5 19. Qb3) 17... Qb7 $11 18. h3 Nd7 19. Rfd1 e5 (19... h6 $11) 20. Rxc8 $16 ({Don't go for} 20. Nxe5 $2 Rxc1 21. Rxc1 Bxg2 $19) 20... Rxc8 21. Bxe5 Nxe5 22. Qxe5 Bf6 23. Qf5 Bxb2 {[#]} 24. Nb5 $1 {[%mdl 512]} g6 {[#]} 25. Qg4 (25. Qb1 $1 $16 {Black must now prevent Nd6.} Qxb5 26. Qxb2) 25... Rc4 $14 26. Nd6 (26. Nfd4 {is interesting.} Bxd4 27. Nxd4 h5 28. Qg5 Bxg2 29. Nf5) 26... Rxg4 27. Nxb7 {Pair of Knights!} Rc4 28. Nd6 Rc6 29. Nb5 Rc2 30. e3 Kg7 31. Nbd4 ({Better is} 31. Nfd4 $16 Rc1 32. Rxc1 Bxc1 33. Bxd5 Nxd5 34. e4) 31... Rc8 32. Ne5 Ba2 33. g4 h6 34. h4 Re8 35. Nef3 {White is more active.} Rc8 36. h5 Rc5 37. hxg6 fxg6 38. Kh2 Kf6 39. Kg3 (39. Ne2 {looks sharper.} Rc2 40. Nf4 g5 41. Nh5+ Ke7 42. Nd4) 39... Rc1 40. Rxc1 Bxc1 41. Ne2 Ba3 42. Nc3 Bb2 43. Nxa2 Nxa2 $16 {[%mdl 4096] Endgame KBN-KBN} 44. Nd2 Nb4 45. Nc4 Bc3 46. Be4 Na6 47. Nb6 Bb2 48. Nd5+ Kg7 49. Ne7 Nc5 50. Bc2 ({But not} 50. Bxg6 Kf6 $15) 50... g5 51. Nf5+ Kh7 52. Kf3 Nd7 53. Ng3+ Kg7 54. Ke4 Kf6 55. Nh5+ Kg6 56. Kf3+ Kf7 57. Bb3+ Ke7 58. Bd1 Ke6 59. Bb3+ Ke7 $1 60. Bd1 Ke6 $1 61. Ng3 Ke5 62. Bc2 Nf6 (62... Ba3 $142) 63. Nf5 h5 $2 {This move loses the game for Black.} (63... Ne8 $16 {was necessary.} 64. Nxh6 Nd6) 64. gxh5 $18 g4+ 65. Kg3 Nxh5+ 66. Kxg4 Nf6+ 67. Kg5 Nh7+ 68. Kg6 Nf6 $2 (68... Nf8+ {keeps fighting.} 69. Kg5 Ne6+ 70. Kg4 Bc1) 69. f4+ Kd5 70. Ng3 {To avoid Ne4} Ng4 71. e4+ {[%cal Be3e4,Be4e5][%mdl 32]} Ke6 72. Bb3+ Ke7 73. Kg5 Nf2 74. e5 Nd3 75. Kf5 Bc1 76. Nh5 Nc5 77. Bc4 Na4 78. Nf6 Nb6 79. Bb3 Bd2 80. Ke4 Bc3 81. Ng4 {f5 is the strong threat.} Bb2 82. f5 {[%cal Bf4f5,Bf5f6][%mdl 32] Threatening mate with f6+.} Nd7 83. f6+ Kf8 84. Kf5 Nc5 85. Bc2 Nb7 86. e6 Nd6+ 87. Kg6 Nc8 88. Ne3 Ne7+ 89. fxe7+ Kxe7 90. Bb3 Ba3 91. Nf5+ Ke8 92. Kg7 Bb4 93. Ba4+ Kd8 94. Kf7 Bc5 95. e7+ Bxe7 96. Nxe7 Kc7 97. Ke6 Kb6 98. Nd5+ Kc5 99. Ke5 Kc4 100. Bc2 Kc5 101. Bd3 Kc6 102. Nf6 Kc5 103. Nd7+ Kb4 104. Kd4 Kb3 105. Nc5+ Kb2 106. Bc4 Ka3 107. Nb3 Kb4 108. Kd3 Ka3 109. Kc3 Ka2 110. Bd3 Ka3 111. Bb1 Ka4 112. Nd4 {White mates.} Ka3 113. Nb5+ Ka4 114. Kc4 Ka5 115. Kc5 Ka4 116. Bc2+ Ka5 117. Bb3 Ka6 118. Nd6 Ka7 119. Kc6 Ka6 120. Nb7 Ka7 121. Kc7 Ka8 122. Bc4 Ka7 123. Bb5 Ka8 124. Nd6 Ka7 125. Nc8+ {Weighted Error Value: White=0.12 (very precise) /Black=0.10 (very precise)} 1-0

[Event "MPL National Senior Chess-ch 2022"]
[Site "Kanpur"]
[Date "2022.02.25"]
[Round "1.2"]
[White "Srimanarayana, A.K.S."]
[Black "Erigaisi Arjun"]
[Result "0-1"]
[WhiteElo "2029"]
[BlackElo "2633"]
[Annotator "TA"]
[PlyCount "104"]
[EventDate "2022.02.25"]
[EventCountry "IND"]
[SourceTitle "playchess.com"]
[Source "ChessBase"]
[SourceQuality "1"]

{[%evp 18,104,5,0,20,0,15,0,0,0,0,0,0,0,0,-24,-12,-53,-52,-55,-59,-76,-67,-83,-65,-68,-64,-67,-73,-75,-70,-120,-83,-105,-101,-93,-89,-208,-198,-240,-250,-250,-263,-466,-500,-469,-481,-505,-505,-505,-505,-479,-470,-505,-505,-505,-505,-505,-502,-539,-539,-777,-761,-979,-867,-1207,-1207,-1699,-1600,-1735,-968,-2462,-2219,-5139,-577,-3207,-1972,-29975,-1576,-29976,-29975,-29981,-29982,-29982,-29981,-29982,-29983,-29985,-29986]} 1. e4 c5 2. Nf3 e6 3. d4 cxd4 4. Nxd4 Nc6 5. c4 Nf6 6. Nc3 Bb4 7. Nxc6 bxc6 8. Bd3 e5 9. O-O O-O 10. Be3 d6 {B44: Sicilian: Taimanov: 5 Nb5.} 11. h3 Be6 {The old main line.} 12. Rc1 {[#]} Nd7 $146 {The position is equal.} ({Predecessor:} 12... Bxc3 13. Rxc3 d5 14. Bg5 {½-½ (14) Vavrak,P (2472)-Lie,K (2556) Reykjavik 2008}) 13. a3 Bc5 14. Qe2 a5 15. Na4 Rb8 16. Nxc5 Nxc5 17. Bxc5 (17. f4 $11 {was preferrable.}) 17... dxc5 $15 18. Rc3 Qg5 19. Bb1 Rfd8 {[%cal Bf8d8,Bd8d4,Bd4d2,Bd2b2][%mdl 32] And now ...Rd2 would win.} 20. Re3 Rd4 {Black is much more active.} 21. b3 Qd8 22. a4 Rd2 {Black continues to play with concentration.} 23. Qf3 g6 24. Kh2 (24. Rc1 $15) 24... Qh4 25. Rd3 {[#]} Rb2 26. Kg1 Kg7 27. Rc1 {[#]} (27. Rc3 $17) 27... Qg5 $1 $19 28. Rcd1 (28. Rf1 {was necessary.}) 28... Qf4 29. Qxf4 exf4 30. e5 $2 (30. h4 {is a better defense.}) 30... Bf5 {[%cal Ob2b1] White must now prevent ...Rxb1!} 31. Rd6 Rxb1 32. Rxb1 Bxb1 33. Rxc6 Rxb3 34. Rxc5 {[%mdl 4096] Endgame KRB-KR} Bd3 35. Rc7 Bf5 36. Rc5 Rb4 37. Rxa5 Rxc4 38. Kf1 Bc2 39. Ke2 Rxa4 40. Rc5 Be4 41. f3 Bf5 42. Kf2 g5 {Threatens to win with ...Ra2+.} 43. Rb5 Be6 {aiming for ...Ra2+.} 44. Kg1 Kg6 45. Kh2 Kf5 {...h5 is the strong threat.} 46. Kg1 h5 47. Rb8 g4 (47... Ra1+ $142 48. Kh2 Ra2 49. Rh8 h4 50. Kg1 Kxe5 51. Rd8 Ra1+ 52. Kh2 Bc4 53. Rg8 Kf6 54. Rf8 Ke7 55. Rb8 Bf1 56. Kg1 Kf6 57. Rh8 Kf5 58. Rd8 Bc4+ 59. Kh2 Ke5 60. Rb8 Bf1 61. Kg1 Be2+ 62. Kh2 Ra2 63. Kg1 Bd3 64. Re8+ Kf5 65. Rc8 Ra1+ 66. Kh2 Bf1 67. Rc5+ Kg6 68. Kg1 Bc4+ 69. Kh2 Be2 70. Re5 Bf1 71. Kg1 Bc4+ 72. Kh2 f5 73. Rc5 Bf1 74. Kg1 Bd3+ 75. Kh2 Ra2 76. Kg1 g4 77. Rc6+ Kh5 78. hxg4+ fxg4 79. Rc5+ Kg6 80. Rc6+ Kg5 81. Rc5+ Bf5 82. fxg4 Kxg4 83. Rc7 h3 84. Rg7+ Kh4 85. Rg8 Bg4 86. gxh3 Bxh3 87. Rg7 f3 88. Rf7 Kg3 89. Rg7+ Bg4 90. Rxg4+ Kxg4 91. Kf1 Kg3 92. Ke1 Kg2 93. Kd1 f2 94. Kc1 f1=Q#) 48. hxg4+ hxg4 {Black mates.} 49. Rb1 gxf3 50. gxf3 Ra3 51. Rf1 Bd5 52. Kg2 {[#]} Rxf3 $1 {Weighted Error Value: White=0.60/Black=0.03 (flawless)} 0-1

[Event "MPL National Senior Chess-ch 2022"]
[Site "Kanpur"]
[Date "2022.02.25"]
[Round "1.3"]
[White "Gupta, Abhijeet"]
[Black "Kumar, Gaurav"]
[Result "1-0"]
[WhiteElo "2628"]
[BlackElo "2025"]
[Annotator "TA"]
[PlyCount "71"]
[EventDate "2022.02.25"]
[EventCountry "IND"]
[SourceTitle "playchess.com"]
[Source "ChessBase"]
[SourceQuality "1"]

{[%evp 13,71,56,78,68,80,77,115,69,80,71,116,121,159,144,154,120,272,262,353,354,358,361,370,357,579,597,860,851,783,795,829,829,883,858,1189,1172,1250,1250,1234,1231,1211,1133,29990,29991,29992,29990,29990,29991,29991,29991,29991,29992,29992,29993,29993,29994,29994,29995,29995,29996]} 1. d4 Nf6 2. Nf3 e6 3. c4 b6 4. a3 Bb7 5. Nc3 Be7 6. d5 d6 7. e4 e5 8. h3 {E12: Queen's Indian: Unusual White 4th moves, 4 a3, 4 Nc3 Bb7 5 a3 and 4 Nc3 Bb7 .} Nbd7 9. Be3 {[#]} c5 $146 ({Predecessor:} 9... c6 10. Be2 Nc5 11. Nd2 cxd5 12. cxd5 O-O 13. g4 Qc8 14. Rc1 Ba6 15. Nf1 Bxe2 16. Qxe2 {½-½ (30) Malesevic,N (2260)-Penalver,O (2251) Sweden 2016}) 10. g4 ({Better is} 10. Bd3 $16) 10... h6 $14 11. Bd3 {[%cal Bf1d3,Bd3c2,Bc2a4][%mdl 32]} g5 (11... Bc8 $142) 12. Bc2 $16 Nf8 13. Ba4+ N6d7 14. Ne2 {[%cal Bc3e2,Be2g3,Bg3f5][%mdl 32] White is much more active.} h5 $2 {Black cannot hold the game after this.} (14... a6 $16) 15. gxh5 $18 Rxh5 16. Ng3 Rh7 17. Nf5 {[%cal Of3g5] [#] Hoping for Nxg5!} f6 18. h4 Ng6 $2 (18... a6 19. Ke2 g4) 19. Rg1 Nf4 20. Bxf4 exf4 21. hxg5 fxg5 22. e5 {[%cal Be4e5,Be5e6][%mdl 32]} Kf8 23. e6 Bc8 24. Qc2 Ne5 25. Nxe5 dxe5 26. Nxe7 Qxe7 27. d6 Qb7 28. Qf5+ {White mates.} Kg8 29. Qxg5+ Rg7 30. Qd8+ ({Stronger than} 30. d7 Qe4+ 31. Kd2 Qd4+ 32. Kc2 Rxg5 $11) 30... Kh7 31. Bc2+ e4 32. Rh1+ Kg6 33. O-O-O Bxe6 34. Rdg1+ Kf7 35. Rxg7+ Kxg7 36. Qg5+ {Weighted Error Value: White=0.05 (flawless) /Black=0.73} 1-0

[Event "MPL National Senior Chess-ch 2022"]
[Site "Kanpur"]
[Date "2022.02.25"]
[Round "1.4"]
[White "Nagarkatte Vedant"]
[Black "Karthikeyan, Murali"]
[Result "0-1"]
[WhiteElo "2013"]
[BlackElo "2622"]
[Annotator "TA"]
[PlyCount "92"]
[EventDate "2022.02.25"]
[EventCountry "IND"]
[SourceTitle "playchess.com"]
[Source "ChessBase"]
[SourceQuality "1"]

{[%evp 16,92,-2,-14,-6,-27,0,-17,-10,-7,0,-1,-2,-52,-53,-62,-8,-43,-14,-22,0,0,0,0,0,0,0,0,0,0,0,0,0,0,0,-28,-41,-46,-50,-47,-53,-44,-42,-47,-39,-33,-26,-37,-27,-50,-38,-33,-44,-46,-49,-80,-85,-108,-101,-239,-219,-268,-268,-266,-275,-275,-265,-273,-256,-318,-315,-487,-475,-571,-547,-1477,-1407,-3079,-2350]} 1. e4 c5 2. Nf3 Nc6 3. d3 Nf6 4. g3 d6 5. Bg2 g6 6. O-O Bg7 7. c3 O-O 8. Re1 e5 9. Na3 {[%cal Bb1a3,Ba3c2,Bc2e3][%mdl 32] 9.a4 is becoming the main line.} h6 {A05: Réti Opening: 1 Nf3 Nf6.} 10. Nc2 Re8 11. h3 d5 {[#] The position is equal.} 12. exd5 $146 ({Predecessor:} 12. Nd2 Be6 13. c4 dxe4 14. dxe4 a6 15. Ne3 b5 16. Nd5 Nd4 17. b3 Nd7 18. Bb2 {½-½ (29) Schmitz,T (2310)-Cacciola,A (2122) Davos 2014}) 12... Nxd5 13. Ne3 $1 Nf6 14. Qc2 (14. Nc4 $11) 14... Be6 $15 15. Nd2 Qd7 {Black is more active.} (15... Qc7 $15) 16. Kh2 b6 17. Ne4 $1 Nd5 18. Qa4 $1 Rac8 19. Nxd5 Bxd5 20. c4 $1 Bxe4 21. Bxe4 Red8 22. Bd2 {To avoid Nb4} Ne7 23. Qxd7 Rxd7 24. Bc3 $1 Rcd8 25. Re2 f5 26. Bg2 Rxd3 {...e4 is the strong threat.} 27. Bxe5 Rd2 $1 28. Rae1 Rxe2 29. Rxe2 {[#] Hoping for Bxg7.} Bxe5 30. Rxe5 {[%mdl 4096] Endgame KRB-KRN} Kf7 {And now ...Rd2 would win.} 31. Re2 {Inhibits Rd2.} g5 32. Bf3 Kf6 33. Kg2 Rd4 34. b3 Rd3 35. Bb7 h5 36. Kh2 h4 37. gxh4 {This costs White the game.} (37. Kg2 $17 {was worth a try.}) 37... gxh4 $19 38. Bg2 Ng6 39. Bf1 Rd1 40. Bg2 Nf4 41. Rc2 Ke5 {Threatens to win with ...Kd4.} 42. Bf3 Rd3 43. Bg2 (43. Bb7 $142) 43... Kd4 {Black is clearly winning.} 44. Bf1 Rd1 45. Be2 Re1 46. Bf3 Kd3 {Weighted Error Value: White=0.46/Black=0.05 (flawless)} 0-1

[Event "MPL National Senior Chess-ch 2022"]
[Site "Kanpur"]
[Date "2022.02.25"]
[Round "1.5"]
[White "Sethuraman, S.P."]
[Black "Singh, Soram Rahul"]
[Result "1-0"]
[WhiteElo "2619"]
[BlackElo "2006"]
[Annotator "TA"]
[PlyCount "77"]
[EventDate "2022.02.25"]
[EventCountry "IND"]
[SourceTitle "playchess.com"]
[Source "ChessBase"]
[SourceQuality "1"]

{[%evp 13,77,12,15,12,35,26,40,40,41,37,43,31,49,23,61,35,68,43,141,115,106,119,102,107,167,185,178,184,175,176,179,172,186,162,195,191,216,221,212,215,223,234,241,245,244,229,251,264,260,260,280,279,313,299,483,460,636,628,581,515,591,558,1435,1401,795,779]} 1. d4 d5 2. Nf3 Nf6 3. c4 e6 4. Nc3 Be7 5. Bf4 O-O 6. e3 b6 7. Rc1 Bb7 8. cxd5 {D37: Queen's Gambit Declined: 5 Bf4.} exd5 9. Be2 c5 10. dxc5 {White is slightly better.} bxc5 11. O-O Nbd7 12. Ne5 Nb6 13. Bf3 {[#]} Ne4 $146 ({Predecessor:} 13... Rc8 14. Nb5 Qe8 15. Nc3 Bd6 16. Ng4 Qe6 17. Nxf6+ Qxf6 18. Bxd6 Qxd6 19. Nxd5 Nxd5 {½-½ (47) Goganov,A (2609)-Isajevsky,A (2403) Kazan 2015}) 14. Bxe4 dxe4 15. Qc2 $1 {White is more active.} f5 ({Better is} 15... Bf6 $14) 16. Qb3+ Bd5 17. Nxd5 Qxd5 18. Nc6 Qxb3 (18... Rf7 $16 19. Nxe7+ Rxe7) 19. Nxe7+ $18 ({Don't take} 19. axb3 $6 Bf6 $14) 19... Kf7 20. axb3 Kxe7 21. Rxc5 Rf7 22. h3 Ke8 23. Rd1 Rc8 24. b4 g6 25. g4 fxg4 26. hxg4 Rd7 27. Rdc1 Rcd8 28. Re5+ Kf7 29. Rxe4 Rd1+ 30. Rxd1 Rxd1+ {[%mdl 4096] Endgame KRB-KRN} 31. Kg2 Rd2 32. Be5 Rc2 33. g5 Nc4 $2 {[#]} (33... Rc4 {was called for.} 34. Kf3 a6) 34. Bf6 {White is clearly winning.} Nxb2 35. Re7+ Kf8 36. Kg3 Nd3 37. Rxa7 {[#] Black must now prevent b5.} Nxf2 38. Kf3 Nd3 39. b5 {Weighted Error Value: White=0.06 (flawless) /Black=0.34} 1-0

[Event "MPL National Senior Chess-ch 2022"]
[Site "Kanpur"]
[Date "2022.02.25"]
[Round "1.6"]
[White "Ebenezer, Joseph"]
[Black "Puranik, Abhimanyu"]
[Result "0-1"]
[WhiteElo "2005"]
[BlackElo "2618"]
[Annotator "TA"]
[PlyCount "62"]
[EventDate "2022.02.25"]
[EventCountry "IND"]
[SourceTitle "playchess.com"]
[Source "ChessBase"]
[SourceQuality "1"]

{[%evp 22,62,28,23,26,8,0,8,0,0,0,0,0,0,0,-50,-40,-48,-43,-59,-41,-172,-165,-166,-141,-145,-139,-147,-148,-139,-152,-445,-435,-410,-402,-347,-307,-725,-703,-29996,-29997,-29997,-180]} 1. e4 e5 2. Nf3 Nc6 3. Bc4 Nf6 4. Ng5 d5 5. exd5 Na5 6. Bb5+ c6 7. dxc6 bxc6 8. Be2 h6 9. Nf3 e4 10. Ne5 Bd6 11. d4 exd3 12. Nxd3 O-O {C59: Two Knights: 4 Ng5 d5 5 exd5 Na5 5 Bb5+ c6 6 dxc6 bxc6 7 Be2.} 13. Bf4 (13. O-O {is more complex.} Qc7 14. g3 Re8 15. Re1 Bf5 16. Nc3) 13... Bxf4 14. Nxf4 Qc7 {The position is equal.} 15. Qc1 g5 $1 16. Nd3 (16. Nh5 $2 Nxh5 17. Bxh5 Ba6 $19) 16... Re8 17. Nc3 Nd5 {aiming for ...Nxc3.} 18. Nxd5 (18. Kf1 $1 $11) 18... cxd5 $15 19. Kf1 {[#] Strongly threatening h4.} Ba6 $146 {[%mdl 2048] ...Rac8 is the strong threat. Black has good play.} (19... Qe7 20. Bf3 $14) ({Predecessor:} 19... Bf5 20. h4 Rac8 {0-1 (20) Visser,B (1408)-Richter,K (1475) LSS email 2010}) 20. h4 Rac8 $1 (20... Qe7 21. Bg4 $16) 21. c3 {[#]} (21. Qd1 $15) 21... Rxe2 $1 $19 {[%mdl 512]} 22. Kxe2 Bxd3+ (22... Qc4 23. Rh3 (23. Qe3 Qb5 $17) 23... Qe4+ 24. Kf1 Bxd3+ 25. Kg1 $14) 23. Kxd3 {And now b3 would win.} Qc4+ 24. Kd2 {Black must now prevent b3.} d4 $1 {[%mdl 1024] Black has strong compensation. Really sharp! Black is much more active.} 25. Rh3 {[#]} ({But not} 25. hxg5 $2 dxc3+ 26. Qxc3 Qd5+ 27. Ke3 Rxc3+ 28. bxc3 Qc5+ 29. Ke2 Qc4+ 30. Kd2 Qd5+ 31. Ke3 Qc5+ 32. Ke2 Qc4+ 33. Kd2 hxg5 $19) 25... Qd5 {[%csl LRc3,LRg2] Hoping for ...Nc4+.} (25... dxc3+ $2 26. Rxc3 Rd8+ 27. Ke1 Qxh4 28. Rh3 $18) 26. Rd3 $2 {[#] This costs White the game.} (26. b3 $17 dxc3+ 27. Ke2) 26... Nc4+ $1 27. Kc2 Qf5 28. Qe1 dxc3 29. bxc3 (29. g4 Qh7 30. Qe2 (30. Qxc3 $2 Nb6 $19) 30... cxb2 31. Rad1 Ne3+ 32. Kxb2 Qg7+ 33. Ka3 Nc2+ 34. Kb3 Rb8+ 35. Kc4) 29... Rb8 {( -> ...Rb2+)} 30. Rad1 Na3+ 31. Kc1 Rb1+ {Weighted Error Value: White=0.88/Black=0.03 (flawless)} 0-1

[Event "MPL National Senior Chess-ch 2022"]
[Site "Kanpur"]
[Date "2022.02.25"]
[Round "1.7"]
[White "Gukesh D"]
[Black "Imtiaz, Islam Bora"]
[Result "1-0"]
[WhiteElo "2614"]
[BlackElo "2004"]
[Annotator "TA"]
[PlyCount "37"]
[EventDate "2022.02.25"]
[EventCountry "IND"]
[SourceTitle "playchess.com"]
[Source "ChessBase"]
[SourceQuality "1"]

{[%evp 15,37,40,35,23,20,37,35,39,27,4,59,42,36,50,154,150,146,147,148,136,299,297,576,308]} 1. d4 Nf6 2. c4 g6 3. Nc3 Bg7 4. e4 d6 5. h3 O-O 6. Be3 e5 7. d5 Na6 8. Nf3 Nh5 9. g3 {E90: King's Indian: Classical: Early deviations and 6 h3.} f5 10. exf5 $1 gxf5 11. Nh4 {White is slightly better.} Nf6 {[%cal Of5f4]} 12. Bd3 f4 ({Black should play} 12... e4 $1 $11 13. Be2 Nd7) 13. gxf4 $14 exf4 14. Bd4 $36 {[%mdl 2048] [#] White has the initiative.} ({Of course not} 14. Bxf4 Nc5 15. Ng2 Qe8+ 16. Be3 Nfd7 $15) 14... Qe7+ $146 {[#]} (14... Nb4 $14) ({Predecessor:} 14... Nb4 15. Rg1 Nxd3+ 16. Qxd3 Nh5 17. Bxg7 Nxg7 18. Nf3 Bf5 19. Qd4 Qf6 {1-0 (59) Alonso Rosell,A (2537)-Pablo Marin,A (2383) Barcelona 2017}) 15. Kd2 $1 $16 {Black must now prevent Qf3. White is more active.} Nc5 16. Rg1 {Bf5 is the strong threat.} Nxd3 17. Kxd3 {aiming for Qf3. Really sharp!} f3 $2 (17... Bd7 $16 {keeps fighting.}) 18. Qe1 $18 ({Resist} 18. Qxf3 $6 Nd7 19. Rxg7+ Qxg7 20. Bxg7 Rxf3+ 21. Nxf3 Kxg7 22. Rg1+ Kf8 $18) 18... Qd8 {[#]} (18... Qxe1 19. Raxe1 Nh5) 19. Ne4 {Weighted Error Value: White=0.03 (flawless) /Black=0.54} 1-0

[Event "MPL National Senior Chess-ch 2022"]
[Site "Kanpur"]
[Date "2022.02.25"]
[Round "1.8"]
[White "Joel Paul Ganta"]
[Black "Aravindh, Chithambaram VR."]
[Result "0-1"]
[WhiteElo "2004"]
[BlackElo "2611"]
[Annotator "TA"]
[PlyCount "58"]
[EventDate "2022.02.25"]
[EventCountry "IND"]
[SourceTitle "playchess.com"]
[Source "ChessBase"]
[SourceQuality "1"]

{[%evp 9,58,30,57,46,41,40,50,40,43,0,0,0,17,-55,33,28,46,50,92,-145,83,89,70,65,87,44,42,38,34,0,0,-38,-27,-13,21,-130,-112,-275,-287,-272,-241,-886,-443,-1318,-1272,-29984,-29985,-29985,-29986,-29985,-5714]} 1. e4 c5 2. Nf3 {[%cal Bg1f3,Bf3d4,Bd4b5,Bb5a3][%mdl 32]} Nc6 3. d4 cxd4 4. Nxd4 Nf6 5. Nc3 h5 6. h3 {B33: Sicilian: Pelikan and Sveshnikov Variations.} e5 7. Ndb5 d6 8. Bg5 {Hoping for Nd5. White is slightly better.} a6 {[#]} 9. Bxf6 $146 ({Predecessor:} 9. Na3 Be6 10. Nc4 Rc8 11. Ne3 Nd4 12. Bd3 Be7 13. O-O b5 14. Bxf6 Bxf6 15. a4 {1-0 (51) Spyropoulos,N (2425)-Arjun,K (2477) Chess.com INT 2020}) 9... gxf6 {[%cal Bg7f6,Bf6f5][%mdl 32]} 10. Na3 f5 11. Bd3 (11. exf5 $1 $11 Bxf5 12. Nd5) 11... b5 ({Better is} 11... fxe4 $15 12. Bxe4 Be6) 12. Nd5 $14 Be6 13. c3 $1 Rc8 (13... Bg7 $14) 14. Qf3 $2 (14. Nc2 $1 $16 {and life is bright.}) 14... Rh6 $2 (14... Bxd5 $17 {keeps the pressure on.} 15. exd5 e4 $1 16. Qxf5 exd3 17. dxc6 Qe7+ 18. Kf1 Qe2+ 19. Kg1 Rxc6) 15. exf5 $16 Bxd5 16. Qxd5 Ne7 17. Qe4 (17. Qb3 $16) 17... Bg7 18. Qh4 d5 19. Qg5 Kf8 20. O-O {[%cal Of5f6]} e4 21. Be2 Rf6 22. g4 $2 (22. Bxh5 Rxf5 23. Qg4 d4 $15) (22. Nc2 $11) 22... hxg4 23. hxg4 {[#] This move loses the game for White.} (23. Bxg4 $17 {was worth a try.} b4 24. cxb4) 23... Nxf5 $1 $19 {[%cal Of5g3][%mdl 512] And now ...Ng3! would win.} 24. Rad1 {[#]} (24. gxf5 $2 Rg6 $3 {[%mdl 512]} 25. Qxg6 fxg6 $19) 24... d4 $1 {[%cal Bd5d4,Bd4d3][%mdl 32] White must now prevent ...d3!} 25. Qh5 $2 ({Don't go for} 25. gxf5 $2 {[#]} Rg6 $3 {[%mdl 512]} 26. Qxg6 fxg6 $19) (25. Nc2 d3 26. Rfe1 (26. gxf5 $2 Rg6 $19)) (25. Rfe1 d3) 25... d3 26. g5 ({And not} 26. gxf5 Rh6 27. Qg4 Qc7) (26. Bxd3 $142 exd3 27. Rfe1) 26... Rg6 27. f4 exf3 {Black mates.} 28. Rxd3 Rxg5+ 29. Kf2 Qb6+ {Weighted Error Value: White=1.08/Black=0.50} 0-1